| 000 | 00412nam a2200169Ia 4500 | ||
|---|---|---|---|
| 008 | 230711s9999||||xx |||||||||||||| ||und|| | ||
| 020 | _a978-93-5014-373-5 | ||
| 041 | _aENG | ||
| 082 |
_a621.319 _bGU-P |
||
| 100 | _aGupta,J.B | ||
| 245 | 2 | _aA course in power system | |
| 250 | _a11th Ed. | ||
| 260 |
_c2013 _aNew Delhi _bS.K Kataria & Sons |
||
| 300 | _a691 | ||
| 650 | _aElectrical Engineering | ||
| 942 | _cBK | ||
| 999 |
_c8317 _d8317 |
||